LDR 00870naa#a2200169#i#450# 001 EN\\bibl\111172 005 20260416063141.4 011 ## _a1813-4327 100 ## _a20260330b2026####ek#y0engy0150####ca 102 ## _aRU 200 1# _aLEGAL AND ORGANIZATIONAL ASPECTS OF THE USE AND IMPLEMENTATION OF NEURAL NETWORKS IN THE PRODUCTION OF FORENSIC EXAMINATIONS _eJournal article 210 1# _aVolgograd _cVolgograd Academy of the Ministry of Internal Affairs of Russia _d2026 215 ## _a10 с. 608 ## _aJournal article _2local 675 ## _aДеятельность и организация. Общая теория информации, связи и управления (кибернетика), включая деятельность человека. 007 _aЗаключение эксперта. 343.148 _z 700 #1 _aChernyshev _gKirill Aleksandrovich 856 4# _ava-mvd.editorum.ru _u